Charlotte Cardin - Feel Good [paroles] - Statistiques

Statistiques générales
  • Ce quiz a été pris 67 fois
  • Le résultat moyen est 65 sur 85
Statistiques - réponses
Réponse % Correct
a
97%
à
97%
ma
97%
main
97%
y
97%
feel
95%
(feel
95%
good
95%
dans
93%
make
93%
me
93%
you
93%
sexy
92%
ta
92%
taille
92%
taxi
92%
c’est
90%
ensemble
90%
le
90%
super
90%
sur
90%
vraiment
90%
de
88%
fenêtre
88%
la
88%
mon
83%
pensé
83%
to
83%
amour
81%
et
81%
every
81%
(every
81%
time
81%
time)
81%
ai
80%
des
80%
fois
80%
j’ai
80%
j’y
80%
mille
80%
toi
80%
if
78%
moi
78%
son
78%
Titanic
78%
voix
78%
want
78%
frissons
76%
que
76%
qui
76%
choses
75%
j’comprendrai
73%
j’entends
73%
back
71%
dis-le
71%
jamais
71%
toujours
71%
contre
69%
and
66%
animal
66%
avec
66%
been
66%
I’ve
66%
m’invite
66%
mourir
66%
nice
66%
nice)
66%
pyramides
64%
italique
63%
iconique
58%
ironique
58%
plus
58%
away
56%
I’m
56%
now
56%
sens
56%
falaise
54%
j’me
54%
l’aise
54%
oh
53%
arrive
51%
on
51%
tomber
51%
cyanide
44%
d’danger
44%
Aucun quiz correspondant
Distribution des résultats
% des personnes avec chaque résultat
Percentile par nombre de réponses
Votre historique - résultats
Vous n’avez pas pris ce quiz